000
00280nam a2200121 a 4500
008
100922s1968|||| d
245
1
0
_a
Do hrobu sa neponáhľa
100
1
_a
Falťan, Samo
260
_b
Obzor
_a
Bratislava
_c
1968
020
_c
24
044
_a
xo
_c
SK
041
_a
slo
999
_c
10609
_d
10609